Significant moments in the history of Egyptian women /

محفوظ في:

المؤلف الرئيسي: El Sadda, Hoda (مؤلف)

مؤلف مشترك: Majlis al-Qawmī lil-Marʼah (Egypt).

مؤلفون آخرون: Abū Ghāzī, ʿImād Badr al-Dīn., Kamāl, Hālah., ʻUṣfūr, Jābir.

التنسيق: كتاب

اللغة: English

منشور في: Cairo, Egypt : National Council for Women, Committee for Culture and Media, 2003-

الطبعة: 2nd ed.

الموضوعات:

الوسوم: إضافة وسم

لا توجد وسوم, كن أول من يضع وسما على هذه التسجيلة!

رقم الطلب: HQ1799 .E48 v.1

LEADER 01223nam a22003377a 4500
003 OSt
005 20250827085909.0
008 270303m20039999ua a g b 000 0 eng d
010 |a 2005311809 
020 |a 9776051006 
040 |c ARCE Library 
043 |a f-ua--- 
050 1 4 |a HQ1799   |b .E48 v.1 
100 1 |6 880-01  |a El Sadda, Hoda,   |e author 
245 1 0 |a Significant moments in the history of Egyptian women /   |c Hoda Elsadda, Emad Abu-Ghazi ; revised with a forword by Gaber Asfour ; translated by Hala Kamal ; translation revised by Galila Ann Ragheb. 
246 3 0 |a History of Egyptian women 
250 |a 2nd ed. 
264 1 |a Cairo, Egypt :   |b National Council for Women, Committee for Culture and Media,   |c 2003- 
300 |a volumes :   |b illustrations ;   |c 24 cm. 
500 |a Missing pp.125-126, 149-150. 
500 |a OCLC 701753465 
504 |a Includes bibliographical references. 
650 0 |a Feminism   |z Egypt   |x History. 
650 0 |a Women   |z Egypt   |x History. 
700 1 |a Abū Ghāzī, ʿImād Badr al-Dīn. 
700 1 |a Kamāl, Hālah. 
700 1 |a ʻUṣfūr, Jābir.  |9 41476 
710 2 |a Majlis al-Qawmī lil-Marʼah (Egypt). 
901 |a reviewed 
942 |c BK  |2 lcc 
999 |c 22102  |d 22102